Acta de la reconstrucción de la escena del crimen (Registro nro. 9286)

Detalles MARC
000 -Cabecera
Campo de control de longitud fija 00853nam a22003017a 4500
005 - Fecha y hora de la última transacción
Campo de control 20251103140457.0
008 - Elementos de longitud fija--Información general
Campo de control de longitud fija 170418b2013 xxu||||| |||| 00| 0 spa d
020 ## - International Standard Book Number
Número Internacional Estándar del Libro (ISBN) 9789962056676
041 ## - Idioma
Código de idioma Español
082 ## - Clasificación Decimal Dewey
Número de clasificación 363.25 S511a
100 ## - Entrada principal--Autor personal
Nombre personal Sevilla, Royo, Tomás
9 (RLIN) 42051
245 ## - Título propiamente dicho
Título Acta de la reconstrucción de la escena del crimen
260 ## - Pie de imprenta
Lugar de publicación, distribución, etc. Argentina
260 ## - Pie de imprenta
Nombre del editor, distribuidor, etc. Seguridad y Defensa
260 ## - Pie de imprenta
Fecha de publicación, distribución, etc. 2013
300 ## - Descripción física
Extensión 93 páginas
490 ## - Serie
Título de la Serie Investigación Criminal
650 ## - Materia general
Temática (materia general) CRIMINALÍSTICA
650 ## - Materia general
Temática (materia general) INVESTIGACIÓN CRIMINAL
650 ## - Materia general
Temática (materia general) ESCENA DEL CRIMEN
650 ## - Materia general
Temática (materia general) RECONOCIMIENTO FOTOGRÁFICO
650 ## - Materia general
Temática (materia general) REGISTRO PERSONALES
650 ## - Materia general
Temática (materia general) INTERCEPTACIÓN DE LAS TELECOMUNICACIONES
650 ## - Materia general
Temática (materia general) DETENCIÓN
650 ## - Materia general
Temática (materia general) PROTECCIÓN DE TESTIGOS
650 ## - Materia general
Temática (materia general) TRASLADO DE DETENIDOS
942 ## - Punto de acceso adicional KOHA
Tipo de ítem KOHA Libro
Fuente del sistema de clasificación o colocación Dewey Decimal Classification
Existencias
Signatura completa Código de barras Programa Académico Tipo de ítem
363.25 S511a 21979 Investigación Criminal Libro